Score 0/20 Timer 03:00
0 Plays Today
Title 'M' Word % Correct
____-DickMoby
98.6%
To Kill a _______Mockingbird
98.3%
Of ___ and MenMice
97.9%
No Country for Old ___Men
94.9%
The Five People You ____ in HeavenMeet
94.6%
The Green ____Mile
84.6%
The Time _________Machine
83.4%
The Three _________Musketeers
82.9%
________ of a GeishaMemoirs
79.7%
Go Tell It on the _________Mountain
77.4%
Title 'M' Word % Correct
______ BovaryMadame
72%
I Know This ____ Is TrueMuch
53.1%
Are You There God? It's Me, ______Margaret
51.1%
One for the _____Money
49.1%
Far from the _____ CrowdMadding
39.8%
_______ ParkMansfield
38.9%
The ________ NephewMagician's
34.9%
The _____ ChroniclesMartian
33.8%
The ____ of AvalonMists
23.6%
The House on _____ StreetMango
16.1%

Today's Daily Dose

Remove Ads.
Support Sporcle.
Get the best of Sporcle when you Go Orange. This ad-free experience offers more features, more stats, and more fun while also helping to support Sporcle. Thank you for becoming a member.

You're not logged in!

Compare scores with friends on all Sporcle quizzes.
OR
Log In

Show Comments

Extras

Top Quizzes Today


Score Distribution

Your Account Isn't Verified!

In order to create a playlist on Sporcle, you need to verify the email address you used during registration. Go to your Sporcle Settings to finish the process.

Report this User

Report this user for behavior that violates our Community Guidelines.

Details: